000 00204 a2200097 4500
001 13011
100 _aQudsia Bano
245 _aKuch aur Naheen [urdu]
260 _a
_bSang-e-meel
_c
090 _c10016
_d10016
942 _aNUST-CAE
_cM
_c22
999 _c248084
_d248084